Seasonal variations in rubber biosynthesis, 3-Hydroxy-3-Methylglutaryl-Coenzyme A Reductase, and rubber transferase activities in Parthenium argentatum in the Chihuahuan desert (Record no. 68505)

MARC details
000 -LEADER
fixed length control field 00576nam a2200169Ia 4500
100 ## - MAIN ENTRY--AUTHOR NAME
Personal name Ji Wan
245 #0 - TITLE STATEMENT
Title Seasonal variations in rubber biosynthesis, 3-Hydroxy-3-Methylglutaryl-Coenzyme A Reductase, and rubber transferase activities in Parthenium argentatum in the Chihuahuan desert
260 ## - PUBLICATION, DISTRIBUTION, ETC. (IMPRINT)
Name of publisher Plant Physiology
Year of publication 1993
300 ## - PHYSICAL DESCRIPTION
Number of Pages 535-542
650 ## - SUBJECT ADDED ENTRY--TOPICAL TERM
Topical Term Parthenium argentatum
650 ## - SUBJECT ADDED ENTRY--TOPICAL TERM
Topical Term Rubber biosynthesis
650 ## - SUBJECT ADDED ENTRY--TOPICAL TERM
Topical Term Rubber content
700 ## - ADDED ENTRY--PERSONAL NAME
Personal name Benedict Chauncey
700 ## - ADDED ENTRY--PERSONAL NAME
Personal name Foster Michael
942 ## - ADDED ENTRY ELEMENTS (KOHA)
Koha item type Journals
Holdings
Withdrawn status Lost status Damaged status Not for loan Home library Current library Shelving location Date acquired Serial Enumeration / chronology Koha item type
      Journals RRII Library RRII Library Rubber general 17/12/2021 Volume 103, Issue 2 Journals